000 00532nam a22001817a 4500
005 20251108164305.0
008 250721s1991 xx 000 0 ara d
082 1 4 _a811.509/أحم
100 1 _aهيكل، أحمد
245 1 0 _aقصائد أندلسية :
_bدراسة أدبية /
264 1 _aالقاهرة :
_bمكتبة الشباب،
_c1991.
300 _a118ص
650 1 7 _aالشعر العربي
650 1 7 _aالعصر الأندلسي
650 1 7 _aالنقد الأدبي
942 _2ddc
_cBK
999 _c8500
_d8500